| 000 | 01735cam a22002895a 4500 | ||
|---|---|---|---|
| 999 |
_c27610 _d27581 |
||
| 001 | 20603161 | ||
| 003 | EG-ScBUE | ||
| 005 | 20190911102344.0 | ||
| 008 | 180727s2019 enka f b 001 0 eng d | ||
| 020 | _z9781138123243 (pbk.) | ||
| 040 |
_aDLC _beng _erda _cDLC _dDLC _dEG-ScBUE |
||
| 082 | 0 | 4 |
_a418.02 _bGIL _222 |
| 100 | 1 |
_aGillies, Andrew, _d1971- _eauthor. _940651 |
|
| 245 | 1 | 0 |
_aConsecutive interpreting : _ba short course / _cAndrew Gillies. |
| 264 | 1 |
_aAbingdon ; _aNew York : _bRoutledge / Taylor & Francis Group, _c2019. |
|
| 300 |
_aviii, 259 pages : _billustrations ; _c25 cm. |
||
| 336 |
_atext _btxt _2rdacontent |
||
| 337 |
_aunmediated _bn _2rdamedia |
||
| 338 |
_avolume _bnc _2rdacarrier |
||
| 490 | 0 | _aTranslation practices explained | |
| 504 | _aIncludes bibliographical references (pages 251-256) and index. | ||
| 520 | _aConsecutive Interpreting: A Short Course provides a step-by-step guide to consecutive interpreting. This user-friendly coursebook tackles key skills such as presentation, analysis, note-taking and reformulation, as well as advanced market-related skills such as preparation for assignments, protocol and practical tips for working interpreters. Each chapter provides examples of the skill, as well as a variety of exercises to learn the skill both in isolation and then in combination with other skills. Including model answers, a glossary of terms and further reading suggestions, this is the essential coursebook for all studentsof consecutive interpretingas well as forinterpreter-trainers looking for innovative ways of teaching consecutive interpreting. | ||
| 650 | 7 |
_aConsecutive interpreting. _2BUEsh |
|
| 653 |
_bHHUUEENN _cSeptember2019 |
||
| 655 | _vReading book | ||
| 942 |
_2ddc _cBB |
||